Online
Catalog

Proyecto de código de procedimiento penal : (Record no. 42966)

MARC details
000 -CABECERA
campo de control de longitud fija 01735nam a2200349 a 4500
001 - NÚMERO DE CONTROL
campo de control 000043477
003 - IDENTIFICADOR DEL NÚMERO DE CONTROL
campo de control DO-SdBNP
005 - FECHA Y HORA DE LA ÚLTIMA TRANSACCIÓN
campo de control 20250205122719.0
007 - CAMPO FIJO DE DESCRIPCIÓN FÍSICA--INFORMACIÓN GENERAL
campo de control de longitud fija ta
008 - DATOS DE LONGITUD FIJA--INFORMACIÓN GENERAL
campo de control de longitud fija 140319s2000 dr 000 0 spa d
020 ## - NÚMERO INTERNACIONAL ESTÁNDAR DEL LIBRO
Número Internacional Estándar del Libro 9993436054
040 ## - FUENTE DE LA CATALOGACIÓN
Centro catalogador/agencia de origen DO-SdBNP
Lengua de catalogación spa
Centro/agencia transcriptor BNPHU
082 #4 - NÚMERO DE LA CLASIFICACIÓN DECIMAL DEWEY
Número de documento/Ítem P969
Número de edición 22
110 2# - ENTRADA PRINCIPAL--NOMBRE DE ENTIDAD CORPORATIVA
Nombre de entidad corporativa o nombre de jurisdicción como elemento de entrada República Dominicana.
9 (RLIN) 447
240 10 - TÍTULO UNIFORME
Título uniforme [Leyes, etc.]
245 10 - MENCIÓN DE TÍTULO
Título Proyecto de código de procedimiento penal :
Resto del título Redactado por la comisión de revisión y actualización del código de procedimiento criminal, designada mediante decreto no.104-97, de fecha 27 de febrero de 1997 /
Mención de responsabilidad, etc. coordinador ; César Pina Toribio... [et al.]. ; prólogo Aura Celeste Fernández Rodríguez.
260 ## - PUBLICACIÓN, DISTRIBUCIÓN, ETC.
Lugar de publicación, distribución, etc. Santo Domingo :
Nombre del editor, distribuidor, etc. Comisionado de Apoyo a la Reforma y Modernización de la Justicia,CARMJ,
Fecha de publicación, distribución, etc. 2000.
300 ## - DESCRIPCIÓN FÍSICA
Extensión 259 p. ;
Dimensiones 22 cm.
490 1# - MENCIÓN DE SERIE
Mención de serie Cuadernos de las comisiones de revisión y actualización de los códigos
500 ## - NOTA GENERAL
Nota general Comisión de Revisión y Actualización del Código de Procedimiento Criminal
500 ## - NOTA GENERAL
Nota general Presentado por el primer mandatario de la nación. Dr. Leonel Fernández Reyna, a la Asamblea Nacional, el 27 de febrero del 2000.
590 ## - NOTA LOCAL (RLIN)
Nota local Inventariado, 2021 / DG
700 1# - PUNTO DE ACCESO ADICIONAL--NOMBRE DE PERSONA
Nombre de persona Fernández Rodríguez, Aura Celeste,
Fechas asociadas al nombre 1959-
Término indicativo de función/relación prólogo
9 (RLIN) 76547
700 1# - PUNTO DE ACCESO ADICIONAL--NOMBRE DE PERSONA
Nombre de persona Pina Toribio, César
Término indicativo de función/relación coordinador
9 (RLIN) 16867
700 1# - PUNTO DE ACCESO ADICIONAL--NOMBRE DE PERSONA
Nombre de persona Pellerano Gómez, Juan Manuel
9 (RLIN) 7065
700 1# - PUNTO DE ACCESO ADICIONAL--NOMBRE DE PERSONA
Nombre de persona Germán Brito, Miriam
9 (RLIN) 34761
700 1# - PUNTO DE ACCESO ADICIONAL--NOMBRE DE PERSONA
Nombre de persona Moreno García, Guillermo
9 (RLIN) 71174
710 1# - PUNTO DE ACCESO ADICIONAL--NOMBRE DE ENTIDAD CORPORATIVA
Nombre de entidad corporativa o nombre de jurisdicción como elemento de entrada República Dominicana.
Unidad subordinada Comisionado de Apoyo a la Reforma y Modernización de la Justicia
9 (RLIN) 17179
830 #0 - PUNTO DE ACCESO ADICIONAL DE SERIE-TÍTULO UNIFORME
Título uniforme Cuadernos de las comisiones de revisión y actualización de los códigos
9 (RLIN) 71176
910 ## - DATOS DE OPCIÓN DEL USUARIO (OCLC)
Datos de opción del usuario D/G
942 ## - ELEMENTOS DE PUNTO DE ACCESO ADICIONAL (KOHA)
Fuente del sistema de clasificación o colocación Dewey Decimal Classification
Tipo de ítem Koha Libro
Holdings
Estado de retiro Estado de pérdida Fuente del sistema de clasificación o colocación Restricciones de uso No para préstamo Código de colección Localización permanente Ubicación/localización actual Ubicación en estantería Fecha de adquisición Código de barras Fecha visto por última vez Precio válido a partir de Tipo de ítem Koha Signatura topográfica completa Número de copia Fuente de adquisición Total de préstamos Nota pública
    Dewey Decimal Classification Préstamo en sala   Dominicana de Servicio Biblioteca Nacional Pedro Henríquez Ureña Biblioteca Nacional Pedro Henríquez Ureña En catalogación 08.08.2019 43477-30 25.06.2020 25.06.2020 Libro          
    Dewey Decimal Classification Excluido de préstamo   Patrimonio Dominicano Biblioteca Nacional Pedro Henríquez Ureña Biblioteca Nacional Pedro Henríquez Ureña En catalogación 19.03.2014 43477-10 25.06.2020 25.06.2020 Libro          
    Dewey Decimal Classification Excluido de préstamo   Patrimonio Dominicano Biblioteca Nacional Pedro Henríquez Ureña Biblioteca Nacional Pedro Henríquez Ureña En catalogación 30.05.2019 43477-20 25.06.2020 25.06.2020 Libro          
    Dewey Decimal Classification Préstamo en sala   Dominicana de Servicio Biblioteca Nacional Pedro Henríquez Ureña Biblioteca Nacional Pedro Henríquez Ureña En catalogación 07.12.2021 2021-28516 07.12.2021 07.12.2021 Libro BNPHU DS P969 e.4      
    Dewey Decimal Classification Préstamo en sala   Dominicana de Servicio Biblioteca Nacional Pedro Henríquez Ureña Biblioteca Nacional Pedro Henríquez Ureña En catalogación 15.02.2023 2023-0969 15.02.2023 15.02.2023 Libro BNPHU DS P969 e.5 Donación   Perteneció a la biblioteca personal de la familia Reyes Duluc.

Powered by Koha